[Event "Liga Vallecaucana"]
[Site "Cali"]
[Date "2022.04.01"]
[Round "4.1"]
[White "Acosta, Mariana"]
[Black "Balza Rodriguez, Oswaldo de Jesus"]
[Result "0-1"]
[WhiteElo "1515"]
[BlackElo "2135"]
[PlyCount "74"]
[EventDate "2022.03.30"]
[EventType "schev"]
[EventRounds "7"]
[EventCountry "COL"]
[SourceTitle "EXT 2023"]
[Source "ChessBase"]
[SourceDate "2022.10.05"]
[SourceVersion "1"]
[SourceVersionDate "2022.10.05"]
[SourceQuality "1"]
[WhiteTeam "Equipo B"]
[BlackTeam "Equipo A"]
[WhiteTeamCountry "COL"]
[BlackTeamCountry "COL"]

1. e4 d5 2. exd5 Qxd5 3. Nc3 Qd6 4. Bc4 Nf6 5. d3 a6 6. Nge2 b5 7. Bb3 Bb7 8. f3 Nbd7 9. Bf4 e5 10. Bg3 Qb6 11. Bf2 Bc5 12. Bxc5 Nxc5 13. Qd2 0-0 14. Ne4 Nfd7 15. h4 a5 16. Nxc5 Nxc5 17. c3 Rad8 18. Bc2 e4 19. d4 exf3 20. gxf3 Bxf3 21. Rh2 Qd6 22. Rf2 Bxe2 23. Rxe2 Qg3+ 24. Kd1 Qxh4 25. Rh2 Qg4+ 26. Kc1 Qg1+ 27. Bd1 Rfe8 28. Rg2 Qf1 29. Qg5 Nd3+ 30. Kd2 g6 31. Be2 Qxa1 32. Kxd3 Qb1+ 33. Kd2 Qxb2+ 34. Kd3 Qb1+ 35. Kd2 Qxa2+ 36. Kd3 b4 37. Qf6 c5 0-1

[Event "Liga Vallecaucana"]
[Site "Cali"]
[Date "2022.04.01"]
[Round "5.1"]
[White "Vanegas, Jhonny"]
[Black "Acosta, Mariana"]
[Result "1-0"]
[WhiteElo "2151"]
[BlackElo "1515"]
[PlyCount "47"]
[EventDate "2022.03.30"]
[EventType "schev"]
[EventRounds "7"]
[EventCountry "COL"]
[SourceTitle "EXT 2023"]
[Source "ChessBase"]
[SourceDate "2022.10.05"]
[SourceVersion "1"]
[SourceVersionDate "2022.10.05"]
[SourceQuality "1"]
[WhiteTeam "Equipo A"]
[BlackTeam "Equipo B"]
[WhiteTeamCountry "COL"]
[BlackTeamCountry "COL"]

1. d4 d5 2. Nf3 Bf5 3. c4 e6 4. Nc3 Nf6 5. Bg5 Be7 6. e3 0-0 7. Rc1 c6 8. Be2 Nbd7 9. 0-0 dxc4 10. Bxc4 Nb6 11. Be2 Nfd5 12. Bxe7 Qxe7 13. a3 Rad8 14. Nb1 Bxb1 15. Rxb1 c5 16. Rc1 cxd4 17. Qxd4 h6 18. Qe4 Nf6 19. Qh4 e5 20. b4 e4 21. Nd4 Nbd5 22. Rc5 Rc8 23. Qg3 Rxc5 24. Nf5 1-0

[Event "COL-ch U1700"]
[Site "Pereira"]
[Date "2022.02.19"]
[Round "7"]
[White "Acosta, Mariana"]
[Black "Rojas Mendoza, Joun Sun"]
[Result "1-0"]
[WhiteElo "1404"]
[BlackElo "1665"]
[PlyCount "81"]
[EventDate "2022.02.16"]
[EventType "swiss"]
[EventRounds "9"]
[EventCountry "COL"]
[SourceTitle "CBM 207 Extra"]
[Source "ChessBase"]
[SourceDate "2022.05.31"]
[SourceVersion "1"]
[SourceVersionDate "2022.05.31"]
[SourceQuality "1"]

1. e4 e6 2. d4 d5 3. exd5 exd5 4. Bd3 Bd6 5. c3 Ne7 6. h3 Bf5 7. Nf3 0-0 8. 0-0 Nbc6 9. Bg5 f6 10. Bh4 Qd7 11. Bxf5 Nxf5 12. Qd3 g5 13. Bg3 Bxg3 14. fxg3 Nxg3 15. Re1 Ne4 16. Nbd2 f5 17. Qe3 f4 18. Qd3 Nxd2 19. Qxd2 Qg7 20. Re6 Rae8 21. Qe2 Re7 22. Rxe7 Nxe7 23. Re1 Nf5 24. Qe6+ Kh8 25. Qxd5 g4 26. hxg4 Qxg4 27. Qe5+ Ng7 28. Qxc7 h5 29. Qe7 Re8 30. Qh4 Rxe1+ 31. Qxe1 Nf5 32. Qe8+ Kh7 33. Qd7+ Kh6 34. Qe6+ Kh7 35. Qf7+ Ng7 36. Qf6 Qg3 37. Ng5+ Kg8 38. Qd8+ Ne8 39. Qxe8+ Kg7 40. Nf3 h4 41. Qe7+ 1-0

[Event "COL-ch U1700"]
[Site "Pereira"]
[Date "2022.02.18"]
[Round "5"]
[White "Acosta, Mariana"]
[Black "Paez, Adolfo"]
[Result "1/2-1/2"]
[WhiteElo "1404"]
[BlackElo "1687"]
[PlyCount "68"]
[EventDate "2022.02.16"]
[EventType "swiss"]
[EventRounds "9"]
[EventCountry "COL"]
[SourceTitle "CBM 207 Extra"]
[Source "ChessBase"]
[SourceDate "2022.05.31"]
[SourceVersion "1"]
[SourceVersionDate "2022.05.31"]
[SourceQuality "1"]

1. e4 c5 2. Nf3 d6 3. Bb5+ Bd7 4. Bxd7+ Qxd7 5. 0-0 Nf6 6. Qe2 Nc6 7. c3 e5 8. Rd1 Be7 9. d4 cxd4 10. cxd4 exd4 11. Nxd4 Nxd4 12. Rxd4 0-0 13. Nc3 Rac8 14. h3 a6 15. Be3 Qe6 16. Rad1 Rc6 17. Bf4 Rfc8 18. Qd3 Bf8 19. Bxd6 Rxd6 20. Rxd6 Bxd6 21. Qxd6 Qxd6 22. Rxd6 h6 23. Nd5 Rc1+ 24. Kh2 Nxe4 25. Rb6 Nxf2 26. Rxb7 Nd3 27. Rb6 Rc2 28. Rxa6 Rxb2 29. Ra8+ Kh7 30. a4 Ne1 31. Ne3 Re2 32. Re8 Ra2 33. Ra8 Re2 34. Re8 Ra2 1/2-1/2

[Event "COL Subzt 2.3.4 (Women)"]
[Site "Risarald"]
[Date "2021.11.27"]
[Round "8"]
[White "Gomez Araque, Laura Sofia"]
[Black "Acosta, Mariana"]
[Result "1-0"]
[WhiteElo "1254"]
[BlackElo "1421"]
[PlyCount "87"]
[EventDate "2021.11.23"]
[EventType "swiss"]
[EventRounds "9"]
[EventCountry "COL"]
[SourceTitle "CBM 205 Extra"]
[Source "ChessBase"]
[SourceDate "2022.01.31"]
[SourceVersion "1"]
[SourceVersionDate "2022.01.31"]
[SourceQuality "1"]

1. e4 c5 2. Nf3 e6 3. d4 cxd4 4. Nxd4 a6 5. f3 b5 6. Nc3 Qc7 7. Be3 Nf6 8. Qd2 Bb4 9. g4 d5 10. Bd3 Bb7 11. g5 Nh5 12. h4 Nd7 13. a3 Be7 14. f4 dxe4 15. Bxe4 Ng3 16. Bxb7 Qxb7 17. Rg1 Nh5 18. 0-0-0 g6 19. Qg2 Qxg2 20. Rxg2 Rc8 21. Rgd2 Nb8 22. Kb1 0-0 23. Nce2 Ng7 24. Ng3 Nf5 25. Ndxf5 exf5 26. h5 Rfd8 27. Rxd8+ Rxd8 28. Rxd8+ Bxd8 29. h6 Kf8 30. Ka2 Ke7 31. Bd4 Bc7 32. Ne2 Nc6 33. Bg7 Ke6 34. Kb3 Ne7 35. c4 bxc4+ 36. Kxc4 Nd5 37. Nd4+ Kd7 38. Kxd5 Bxf4 39. Bf6 Bc1 40. Nb3 Be3 41. Nc5+ Ke8 42. Nxa6 f4 43. Ke4 Kd7 44. Be5 1-0

[Event "COL Subzt 2.3.4 (Women)"]
[Site "Risarald"]
[Date "2021.11.25"]
[Round "5"]
[White "Acosta, Mariana"]
[Black "Sanchez, Rubiela"]
[Result "0-1"]
[WhiteElo "1421"]
[BlackElo "1606"]
[PlyCount "52"]
[EventDate "2021.11.23"]
[EventType "swiss"]
[EventRounds "9"]
[EventCountry "COL"]
[SourceTitle "CBM 205 Extra"]
[Source "ChessBase"]
[SourceDate "2022.01.31"]
[SourceVersion "1"]
[SourceVersionDate "2022.01.31"]
[SourceQuality "1"]

1. e4 c5 2. Nf3 d6 3. d4 cxd4 4. Nxd4 Nf6 5. f3 g6 6. c4 Bg7 7. Nc3 0-0 8. Be3 Nc6 9. Be2 Bd7 10. Qd2 Qa5 11. Rc1 Rfc8 12. 0-0 Ne5 13. b3 Rab8 14. h3 a6 15. f4 Nc6 16. f5 Nxd4 17. Bxd4 Nxe4 18. Qe3 Bxd4 19. Qxd4 Nxc3 20. Rxc3 Bxf5 21. Rcf3 Qc5 22. Qxc5 Rxc5 23. g4 Be6 24. Bd3 b5 25. cxb5 axb5 26. Kg2 Bd5 0-1

[Event "COL Subzt 2.3.4 (Women)"]
[Site "Risarald"]
[Date "2021.11.24"]
[Round "2"]
[White "Diaz Gonzalez, Ana Sofia"]
[Black "Acosta, Mariana"]
[Result "1/2-1/2"]
[WhiteElo "1232"]
[BlackElo "1421"]
[PlyCount "53"]
[EventDate "2021.11.23"]
[EventType "swiss"]
[EventRounds "9"]
[EventCountry "COL"]
[SourceTitle "CBM 205 Extra"]
[Source "ChessBase"]
[SourceDate "2022.01.31"]
[SourceVersion "1"]
[SourceVersionDate "2022.01.31"]
[SourceQuality "1"]

1. e4 c5 2. Nf3 e6 3. c3 Nc6 4. d4 d5 5. e5 cxd4 6. cxd4 Qb6 7. Nc3 Bd7 8. Be2 Nge7 9. 0-0 Nf5 10. Na4 Qc7 11. Bf4 Be7 12. Rc1 0-0 13. Nc5 Bxc5 14. Rxc5 f6 15. Qd2 Qd8 16. exf6 Qxf6 17. Ne5 Nxe5 18. Bxe5 Qg6 19. Bd3 Bc6 20. Rfc1 Rf7 21. b4 a6 22. R1c3 h5 23. Bc2 Raf8 24. a4 Qg4 25. Bd1 Qg6 26. Bc2 Qg4 27. Bd1 1/2-1/2

[Event "COL-ch sf (Women)"]
[Site "Santa Rosa"]
[Date "2021.08.16"]
[Round "8"]
[White "Gomez Saenz, Manuela"]
[Black "Acosta, Mariana"]
[Result "0-1"]
[WhiteElo "1547"]
[BlackElo "1245"]
[PlyCount "40"]
[EventDate "2021.08.12"]
[EventType "swiss"]
[EventRounds "9"]
[EventCountry "COL"]
[SourceTitle "CBM 204 Extra"]
[Source "ChessBase"]
[SourceDate "2021.11.30"]
[SourceVersion "1"]
[SourceVersionDate "2021.11.30"]
[SourceQuality "1"]

1. e4 c5 2. Nf3 e6 3. d4 cxd4 4. Nxd4 a6 5. Nc3 Qc7 6. g3 Bb4 7. Nde2 Nf6 8. a3 Be7 9. Bg2 Nc6 10. 0-0 0-0 11. h3 b5 12. Be3 Bb7 13. f4 Na5 14. b3 d5 15. exd5 exd5 16. Nxd5 Nxd5 17. Bxd5 Rad8 18. Bxf7+ Kxf7 19. Qe1 Qc6 20. Qf2 Qh1# 0-1

[Event "Feria de las Flores 28th"]
[Site "Medellin"]
[Date "2021.08.08"]
[Round "8"]
[White "Acosta, Mariana"]
[Black "Garces Trujillo, Luis Javier"]
[Result "0-1"]
[WhiteElo "1245"]
[BlackElo "1898"]
[PlyCount "72"]
[EventDate "2021.08.04"]
[EventType "swiss"]
[EventRounds "9"]
[EventCountry "COL"]
[SourceTitle "EXT 2022"]
[Source "ChessBase"]
[SourceDate "2021.10.06"]
[SourceVersion "1"]
[SourceVersionDate "2021.10.06"]
[SourceQuality "1"]

1. e4 e5 2. Nf3 Nc6 3. Bc4 Be7 4. c3 Nf6 5. d3 0-0 6. 0-0 d5 7. exd5 Nxd5 8. Re1 Nb6 9. Bb3 Bg4 10. h3 Bh5 11. Qe2 Bd6 12. Nbd2 Qd7 13. Ne4 Kh8 14. Ng3 Bg6 15. Nh4 Na5 16. Nxg6+ fxg6 17. Bc2 Nd5 18. Ne4 Nf4 19. Bxf4 exf4 20. Qf3 Qb5 21. b4 Nc6 22. d4 Rae8 23. Nxd6 cxd6 24. Rxe8 Rxe8 25. Qxf4 Qe2 26. Rc1 Ne7 27. Qf7 Ng8 28. Bb3 Nf6 29. Qxb7 Ne4 30. Qf7 Nf6 31. Qxa7 Qd2 32. Rc2 Re1+ 33. Kh2 Qf4+ 34. g3 Ng4+ 35. Kg2 Ne3+ 36. Kh2 Rh1+ 0-1

[Event "Antioquia op"]
[Site "Antioquia"]
[Date "2020.03.08"]
[Round "9"]
[White "Paladines Pinzon, Samuel"]
[Black "Acosta, Mariana"]
[Result "1/2-1/2"]
[WhiteElo "1375"]
[BlackElo "1199"]
[PlyCount "29"]
[EventDate "2020.03.03"]
[EventType "swiss"]
[EventRounds "9"]
[EventCountry "COL"]
[SourceTitle "CBM 195 Extra"]
[Source "ChessBase"]
[SourceDate "2020.05.31"]
[SourceVersion "1"]
[SourceVersionDate "2020.05.31"]
[SourceQuality "1"]

1. c4 Nf6 2. Nc3 c5 3. e4 Nc6 4. Nge2 g6 5. d4 cxd4 6. Nxd4 Bg7 7. Be3 d6 8. f3 0-0 9. Qd2 Re8 10. 0-0-0 Bd7 11. g4 Ne5 12. g5 Nh5 13. f4 Ng4 14. h3 Nxe3 15. Qxe3 1/2-1/2

[Event "Antioquia op"]
[Site "Antioquia"]
[Date "2020.03.07"]
[Round "7"]
[White "Larrea Munera, Johan Darwin"]
[Black "Acosta, Mariana"]
[Result "0-1"]
[WhiteElo "1406"]
[BlackElo "1199"]
[PlyCount "100"]
[EventDate "2020.03.03"]
[EventType "swiss"]
[EventRounds "9"]
[EventCountry "COL"]
[SourceTitle "CBM 195 Extra"]
[Source "ChessBase"]
[SourceDate "2020.05.31"]
[SourceVersion "1"]
[SourceVersionDate "2020.05.31"]
[SourceQuality "1"]

1. e4 c5 2. Nc3 g6 3. f4 Nc6 4. Nf3 Bg7 5. Bc4 d6 6. 0-0 e6 7. d3 Nge7 8. Qe1 0-0 9. f5 gxf5 10. Qh4 Ng6 11. Qh3 f4 12. g3 e5 13. Qg2 Kh8 14. gxf4 exf4 15. Nd5 Na5 16. Bb3 Nxb3 17. axb3 Bh6 18. Ne1 Rg8 19. Kh1 Nh4 20. Qf2 Bh3 21. Rg1 Rxg1+ 22. Qxg1 f3 23. Bxh6 Bg2+ 24. Nxg2 fxg2+ 25. Qxg2 Nxg2 26. Kxg2 Qh4 27. Bf4 Rg8+ 28. Bg3 h5 29. Rf1 Qg5 30. Rxf7 Qg6 31. Rf6 Qg5 32. Rf5 Qh6 33. Kh3 Rf8 34. Bf4 Qe6 35. Nc7 Qd7 36. Kh4 Rxf5 37. exf5 Qxc7 38. f6 Qf7 39. Bg5 Kh7 40. Kh3 Qe6+ 41. Kg2 Qg4+ 42. Kf2 Qxg5 43. f7 Qf5+ 44. Ke2 Qxf7 45. Kd2 Qf2+ 46. Kc3 Qxh2 47. b4 cxb4+ 48. Kxb4 Qxc2 49. b3 Qxd3 50. Ka4 h4 0-1

[Event "Pan American-ch School U11 Girls"]
[Site "Medellin"]
[Date "2019.11.12"]
[Round "2.2"]
[White "Oblitas Calle, Alexa Domenik"]
[Black "Acosta, Mariana"]
[Result "1-0"]
[WhiteElo "1289"]
[BlackElo "1192"]
[PlyCount "101"]
[EventDate "2019.11.12"]
[EventType "swiss"]
[EventRounds "9"]
[EventCountry "COL"]
[SourceTitle "EXT 2024"]
[Source "ChessBase"]
[SourceDate "2023.10.10"]
[SourceVersion "1"]
[SourceVersionDate "2023.10.10"]
[SourceQuality "1"]

1. e4 c5 2. c3 d6 3. Nf3 Nf6 4. Be2 g6 5. 0-0 Bg7 6. Re1 0-0 7. Bc4 Nc6 8. d4 Bg4 9. h3 Bxf3 10. Qxf3 cxd4 11. Rd1 dxc3 12. Nxc3 Ne5 13. Qe2 Qc7 14. Bb3 Rac8 15. Nb5 Qc6 16. Nxa7 Qd7 17. Nxc8 Rxc8 18. Bf4 Nh5 19. Bh2 Qe8 20. f4 Nc6 21. Ba4 Nd4 22. Bxe8 Nxe2+ 23. Kf2 Nexf4 24. Ba4 Rc4 25. Bb3 Rxe4 26. Kf3 Re2 27. Bxf4 Nxf4 28. g3 Rg2 29. gxf4 Rxb2 30. Rab1 Rh2 31. Kg3 Re2 32. Re1 Rxe1 33. Rxe1 e6 34. Rc1 Bd4 35. Rc8+ Kg7 36. Rc7 d5 37. Rxb7 Bf6 38. a4 d4 39. Bxe6 Kh6 40. Rxf7 Bg7 41. a5 d3 42. a6 d2 43. Bb3 Bd4 44. a7 Bxa7 45. Rxa7 g5 46. fxg5+ Kxg5 47. Rxh7 Kg6 48. Bc2+ Kg5 49. Rf7 Kh6 50. Kh4 d1Q 51. Rh7# 1-0

[Event "COL-ch U12 Girls"]
[Site "Cali"]
[Date "2019.06.24"]
[Round "9.3"]
[White "Acosta, Mariana"]
[Black "Valencia Lopez, Greissy Sofia"]
[Result "1-0"]
[WhiteElo "1167"]
[BlackElo "1257"]
[PlyCount "101"]
[EventDate "2019.06.19"]
[EventType "tourn"]
[EventRounds "9"]
[EventCountry "COL"]
[SourceTitle "CBM 191 Extra"]
[Source "ChessBase"]
[SourceDate "2019.09.30"]
[SourceVersion "1"]
[SourceVersionDate "2019.09.30"]
[SourceQuality "1"]

1. e4 c5 2. Nf3 d6 3. d4 cxd4 4. Nxd4 Nf6 5. f3 a6 6. c4 e5 7. Nc2 Be7 8. Nc3 Nc6 9. Be3 Be6 10. Be2 Rb8 11. Qd2 Qc7 12. Rc1 0-0 13. 0-0 Rfd8 14. Rfd1 Rd7 15. Bf1 Qd8 16. Qf2 Qe8 17. Nd5 b5 18. Nb6 Rdb7 19. cxb5 axb5 20. Bxb5 Bd8 21. Na3 Rxb6 22. Qd2 Rxb5 23. Nxb5 Rxb5 24. a4 Rb8 25. Qxd6 Bb6 26. Bxb6 Rxb6 27. a5 Ra6 28. b4 Nb8 29. Qxe5 Rc6 30. b5 Rxc1 31. Rxc1 h6 32. a6 Kh7 33. a7 Nbd7 34. Qc7 Qa8 35. b6 Ne8 36. Qc6 Qxc6 37. Rxc6 Nxb6 38. Rxb6 Nc7 39. Rb8 Kg6 40. a8Q Nxa8 41. Rxa8 Kg5 42. Kf2 g6 43. Ra5+ Kf6 44. g4 Kg7 45. h4 Kh7 46. Kg3 Kg7 47. f4 f6 48. f5 gxf5 49. exf5 Bc4 50. Ra7+ Kg8 51. Kf4 1-0

[Event "COL-ch U12 sf1"]
[Site "Duitama"]
[Date "2019.04.11"]
[Round "1.16"]
[White "Caicedo Gomez, Tiana Paola"]
[Black "Acosta, Mariana"]
[Result "0-1"]
[WhiteElo "1233"]
[BlackElo "1174"]
[PlyCount "78"]
[EventDate "2019.04.11"]
[EventType "swiss"]
[EventRounds "6"]
[EventCountry "COL"]
[SourceTitle "EXT 2024"]
[Source "ChessBase"]
[SourceDate "2023.10.10"]
[SourceVersion "1"]
[SourceVersionDate "2023.10.10"]
[SourceQuality "1"]

1. e4 e5 2. Nf3 Nc6 3. Bc4 Bc5 4. c3 Nf6 5. d4 exd4 6. cxd4 Bb4+ 7. Nbd2 0-0 8. a3 Ba5 9. b4 Nxb4 10. 0-0 Nc6 11. Nb3 Bb6 12. a4 a5 13. d5 Nb4 14. Bb2 Nxe4 15. Bd4 Bxd4 16. Nfxd4 d6 17. Qf3 Ng5 18. Qg3 Qf6 19. h4 Ne4 20. Qe3 Qxh4 21. g3 Qg4 22. Nd2 Nc5 23. Be2 Qg6 24. Rad1 Bd7 25. N2f3 Rfe8 26. Qf4 Bxa4 27. Nh4 Nxd5 28. Qd2 Qf6 29. Rde1 Bd7 30. Qd1 a4 31. Bh5 Reb8 32. f4 b5 33. f5 b4 34. Qf3 Qxd4+ 35. Kh1 b3 36. Bxf7+ Kxf7 37. Qh5+ Kg8 38. f6 Nxf6 39. Rd1 Bc6+ 0-1